[Event "Blitz 2018"]
[Site "Saint-Petersburg"]
[Date "2018.12.29"]
[Round "12"]
[Board "6"]
[White "Karjakin Sergey (RUS)"]
[Black "Mamedyarov Shakhriyar (AZE)"]
[Result "1/2-1/2"]
[LiveChessVersion "1.4.8"]
[BlackElo "2754"]
[WhiteElo "2759"]

1. e4 {[%clk 0:03:03]} c6 {[%clk 0:03:04]} 2. d4 d5 3. exd5 {[%clk 0:03:04]} cxd5
{[%clk 0:03:06]} 4. Nf3 {[%clk 0:03:05]} Nc6 {[%clk 0:03:05]} 5. Bb5
{[%clk 0:03:05]} e6 {[%clk 0:02:36]} 6. O-O {[%clk 0:03:01]} Bd6 {[%clk 0:02:35]}
7. c4 {[%clk 0:02:54]} Nge7 {[%clk 0:02:32]} 8. Nc3 {[%clk 0:02:52]} O-O
{[%clk 0:02:28]} 9. c5 {[%clk 0:02:38]} Bc7 {[%clk 0:02:27]} 10. a3
{[%clk 0:02:39]} e5 {[%clk 0:02:18]} 11. Bxc6 {[%clk 0:02:03]} Nxc6
{[%clk 0:02:11]} 12. dxe5 {[%clk 0:02:04]} d4 {[%clk 0:02:10]} 13. Nb5
{[%clk 0:02:05]} Bg4 {[%clk 0:02:09]} 14. Nbxd4 {[%clk 0:01:59]} Nxe5
{[%clk 0:01:48]} 15. h3 {[%clk 0:01:57]} Bh5 {[%clk 0:01:49]} 16. Qb3
{[%clk 0:01:55]} Qd7 {[%clk 0:01:35]} 17. Bg5 {[%clk 0:01:27]} Rfe8
{[%clk 0:01:24]} 18. Rfe1 {[%clk 0:01:24]} a5 {[%clk 0:00:41]} 19. a4
{[%clk 0:00:52]} Rac8 {[%clk 0:00:39]} 20. Qb5 {[%clk 0:00:50]} Qd5
{[%clk 0:00:35]} 21. Bf4 {[%clk 0:00:40]} f6 {[%clk 0:00:20]} 22. Bxe5
{[%clk 0:00:30]} fxe5 {[%clk 0:00:21]} 23. c6 {[%clk 0:00:32]} Qxb5
{[%clk 0:00:16]} 24. Nxb5 {[%clk 0:00:31]} Bxf3 {[%clk 0:00:16]} 25. gxf3
{[%clk 0:00:29]} bxc6 {[%clk 0:00:17]} 26. Nxc7 {[%clk 0:00:15]} Rxc7
{[%clk 0:00:19]} 27. Rac1 {[%clk 0:00:16]} c5 {[%clk 0:00:17]} 28. f4
{[%clk 0:00:08]} e4 {[%clk 0:00:15]} 29. Rc4 {[%clk 0:00:09]} Kf7
{[%clk 0:00:12]} 30. Rexe4 {[%clk 0:00:09]} Rxe4 {[%clk 0:00:12]} 31. Rxe4
{[%clk 0:00:10]} c4 {[%clk 0:00:08]} 32. Kg2 {[%clk 0:00:07]} c3 {[%clk 0:00:05]}
33. bxc3 {[%clk 0:00:07]} Rxc3 {[%clk 0:00:06]} 34. f3 {[%clk 0:00:05]} Ra3
{[%clk 0:00:06]} 35. Kg3 {[%clk 0:00:05]} Kf6 {[%clk 0:00:07]} 36. Rc4
{[%clk 0:00:04]} Ra2 {[%clk 0:00:07]} 37. Rc6+ {[%clk 0:00:05]} Kf7
{[%clk 0:00:09]} 38. Rc4 {[%clk 0:00:06]} Kf6 {[%clk 0:00:10]} 39. f5
{[%clk 0:00:06]} Kg5 {[%clk 0:00:05]} 40. h4+ {[%clk 0:00:06]} Kxf5
{[%clk 0:00:06]} 41. Rc5+ {[%clk 0:00:07]} Kf6 {[%clk 0:00:07]} 42. Rxa5
{[%clk 0:00:08]} g6 {[%clk 0:00:08]} 43. Kf4 {[%clk 0:00:07]} Rh2
{[%clk 0:00:07]} 44. Ra6+ {[%clk 0:00:08]} Kg7 {[%clk 0:00:08]} 45. Kg3
{[%clk 0:00:08]} Ra2 {[%clk 0:00:09]} 46. Ra7+ {[%clk 0:00:08]} Kf6
{[%clk 0:00:09]} 47. Kf4 {[%clk 0:00:08]} h6 {[%clk 0:00:08]} 48. Ra6+
{[%clk 0:00:09]} Kf7 {[%clk 0:00:09]} 49. a5 {[%clk 0:00:10]} Ra4+
{[%clk 0:00:08]} 50. Ke5 {[%clk 0:00:11]} Rxh4 {[%clk 0:00:04]} 51. Ra7+
{[%clk 0:00:07]} Ke8 {[%clk 0:00:05]} 52. a6 {[%clk 0:00:05]} Ra4
{[%clk 0:00:06]} 53. Ke6 {[%clk 0:00:04]} Kd8 {[%clk 0:00:05]} 54. Rd7+
{[%clk 0:00:05]} Kc8 {[%clk 0:00:06]} 55. a7 {[%clk 0:00:06]} Ra6+
{[%clk 0:00:06]} 56. Ke7 {[%clk 0:00:07]} h5 {[%clk 0:00:07]} 57. Rd8+ Kb7 58.
Rd7+ {[%clk 0:00:06]} Ka8 {[%clk 0:00:10]} 59. Rd5 {[%clk 0:00:05]} Ra3
{[%clk 0:00:10]} 60. Kf6 {[%clk 0:00:05]} Rxf3+ {[%clk 0:00:06]} 1/2-1/2

[Event "Blitz 2018"]
[Site "Saint-Petersburg"]
[Date "2018.12.29"]
[Round "12"]
[Board "10"]
[White "Gelfand Boris (ISR)"]
[Black "Dreev Aleksey (RUS)"]
[Result "1/2-1/2"]
[LiveChessVersion "1.4.8"]
[BlackElo "2675"]
[WhiteElo "2722"]

1. c4 {[%clk 0:03:03]} c6 {[%clk 0:03:03]} 2. Nf3 {[%clk 0:03:04]} d5
{[%clk 0:03:05]} 3. g3 {[%clk 0:03:06]} Nf6 {[%clk 0:03:02]} 4. Bg2
{[%clk 0:03:07]} a6 {[%clk 0:02:44]} 5. O-O {[%clk 0:02:54]} dxc4
{[%clk 0:02:32]} 6. Qc2 {[%clk 0:02:52]} b5 {[%clk 0:02:23]} 7. b3
{[%clk 0:02:48]} cxb3 {[%clk 0:02:18]} 8. axb3 {[%clk 0:02:48]} Bb7
{[%clk 0:02:15]} 9. Ne5 {[%clk 0:02:34]} e6 {[%clk 0:01:57]} 10. Bb2
{[%clk 0:02:27]} Bd6 {[%clk 0:01:50]} 11. d4 {[%clk 0:02:24]} O-O
{[%clk 0:01:49]} 12. Nd2 {[%clk 0:02:22]} Nbd7 {[%clk 0:01:29]} 13. Ne4
{[%clk 0:01:40]} Nxe4 {[%clk 0:01:25]} 14. Bxe4 {[%clk 0:01:41]} Nf6
{[%clk 0:01:23]} 15. Bf3 {[%clk 0:01:30]} Rc8 {[%clk 0:01:24]} 16. Nd3
{[%clk 0:01:25]} Qe7 {[%clk 0:01:17]} 17. Rfc1 {[%clk 0:01:22]} Nd7
{[%clk 0:01:13]} 18. Nc5 {[%clk 0:01:07]} Nxc5 {[%clk 0:01:06]} 19. dxc5
{[%clk 0:01:08]} Bc7 {[%clk 0:01:08]} 20. b4 {[%clk 0:01:02]} e5 {[%clk 0:01:03]}
21. Rd1 {[%clk 0:00:53]} Rcd8 {[%clk 0:01:03]} 22. h4 {[%clk 0:00:49]} f5
{[%clk 0:01:01]} 23. e4 {[%clk 0:00:49]} f4 {[%clk 0:00:57]} 24. Bg4
{[%clk 0:00:46]} fxg3 {[%clk 0:00:56]} 25. fxg3 {[%clk 0:00:47]} Qf6
{[%clk 0:00:47]} 26. Kg2 {[%clk 0:00:39]} Bc8 {[%clk 0:00:42]} 27. Bxc8
{[%clk 0:00:32]} Qf3+ {[%clk 0:00:40]} 28. Kh3 {[%clk 0:00:30]} Rxc8
{[%clk 0:00:41]} 29. Rxa6 {[%clk 0:00:29]} Rf4 {[%clk 0:00:32]} 30. Ra3
{[%clk 0:00:27]} Qg4+ {[%clk 0:00:33]} 31. Kh2 {[%clk 0:00:22]} Rxe4
{[%clk 0:00:33]} 32. Rd2 {[%clk 0:00:21]} Rc4 {[%clk 0:00:29]} 33. Qd3
{[%clk 0:00:17]} e4 {[%clk 0:00:26]} 34. Qe3 {[%clk 0:00:15]} Rf8
{[%clk 0:00:20]} 35. Qg5 {[%clk 0:00:10]} Qxg5 {[%clk 0:00:19]} 36. hxg5
{[%clk 0:00:12]} Rxb4 {[%clk 0:00:19]} 37. Ra7 {[%clk 0:00:12]} e3
{[%clk 0:00:19]} 38. Rg2 {[%clk 0:00:11]} Rf2 {[%clk 0:00:18]} 39. Bxg7
{[%clk 0:00:06]} Kxg7 {[%clk 0:00:10]} 40. Rxc7+ {[%clk 0:00:07]} Kg6
{[%clk 0:00:11]} 41. Rxc6+ {[%clk 0:00:05]} Kxg5 {[%clk 0:00:13]} 42. Rxf2
{[%clk 0:00:06]} exf2 43. Kg2 Rb2 {[%clk 0:00:13]} 44. Rc7 {[%clk 0:00:08]} b4
{[%clk 0:00:09]} 45. Rxh7 {[%clk 0:00:05]} b3 {[%clk 0:00:10]} 46. Rb7
{[%clk 0:00:06]} Kf5 {[%clk 0:00:06]} 47. c6 {[%clk 0:00:06]} Ke6
{[%clk 0:00:06]} 48. g4 {[%clk 0:00:05]} Kd6 {[%clk 0:00:06]} 49. c7
{[%clk 0:00:06]} Kd7 {[%clk 0:00:07]} 50. g5 {[%clk 0:00:07]} Rc2
{[%clk 0:00:05]} 1/2-1/2

[Event "Blitz 2018"]
[Site "Saint-Petersburg"]
[Date "2018.12.29"]
[Round "12"]
[Board "11"]
[White "Korobov Anton (UKR)"]
[Black "Demchenko Anton (RUS)"]
[Result "1-0"]
[LiveChessVersion "1.4.8"]
[BlackElo "2572"]
[WhiteElo "2677"]

1. d4 {[%clk 0:03:03]} Nf6 {[%clk 0:03:04]} 2. c4 {[%clk 0:03:04]} d6
{[%clk 0:03:05]} 3. Nf3 {[%clk 0:03:02]} g6 {[%clk 0:03:07]} 4. Nc3
{[%clk 0:03:01]} Bg7 {[%clk 0:03:08]} 5. e4 {[%clk 0:03:01]} O-O {[%clk 0:03:09]}
6. Be2 Na6 7. O-O {[%clk 0:02:59]} e5 {[%clk 0:03:12]} 8. Be3 {[%clk 0:03:00]} c6
{[%clk 0:03:14]} 9. d5 {[%clk 0:02:49]} Ng4 {[%clk 0:03:15]} 10. Bg5 f6 11. Bh4
c5 12. Ne1 {[%clk 0:02:48]} Nh6 {[%clk 0:03:19]} 13. Nc2 {[%clk 0:02:44]} Nf7
{[%clk 0:03:14]} 14. a3 {[%clk 0:02:38]} b6 {[%clk 0:03:14]} 15. b4
{[%clk 0:02:37]} Bd7 {[%clk 0:03:14]} 16. Rb1 {[%clk 0:02:35]} Bh6
{[%clk 0:03:00]} 17. Bg4 {[%clk 0:02:22]} Bg5 {[%clk 0:02:33]} 18. Bxd7
{[%clk 0:02:14]} Qxd7 {[%clk 0:02:34]} 19. Bxg5 {[%clk 0:02:04]} fxg5
{[%clk 0:02:28]} 20. Ne3 {[%clk 0:01:57]} Kg7 {[%clk 0:01:45]} 21. Qa4
{[%clk 0:01:53]} Qxa4 {[%clk 0:01:43]} 22. Nxa4 {[%clk 0:01:54]} h5
{[%clk 0:01:39]} 23. h3 {[%clk 0:01:51]} Nh6 {[%clk 0:01:11]} 24. bxc5
{[%clk 0:01:46]} Nxc5 {[%clk 0:01:08]} 25. Nxc5 {[%clk 0:01:46]} bxc5
{[%clk 0:01:04]} 26. Rb7+ {[%clk 0:01:44]} Rf7 {[%clk 0:01:05]} 27. Rfb1
{[%clk 0:01:44]} Raf8 {[%clk 0:01:06]} 28. f3 {[%clk 0:01:39]} Rxb7
{[%clk 0:01:06]} 29. Rxb7+ Rf7 30. Rb8 {[%clk 0:01:32]} Rf8 {[%clk 0:01:05]} 31.
Rb5 {[%clk 0:01:33]} Ng8 {[%clk 0:01:01]} 32. a4 {[%clk 0:01:31]} Nf6
{[%clk 0:00:51]} 33. a5 {[%clk 0:01:32]} Rf7 {[%clk 0:00:50]} 34. a6
{[%clk 0:01:30]} Nd7 {[%clk 0:00:51]} 35. Rb7 {[%clk 0:01:26]} Nb6
{[%clk 0:00:49]} 36. Kf2 {[%clk 0:01:24]} Kf6 {[%clk 0:00:49]} 37. Ke2
{[%clk 0:01:23]} Rxb7 {[%clk 0:00:36]} 38. axb7 Nd7 39. Nd1 {[%clk 0:01:18]} Ke7
{[%clk 0:00:38]} 40. Nc3 {[%clk 0:01:19]} a6 {[%clk 0:00:30]} 41. Na4
{[%clk 0:01:20]} Kd8 {[%clk 0:00:28]} 42. Nb6 {[%clk 0:01:21]} Nb8
{[%clk 0:00:30]} 43. Nc8 {[%clk 0:01:22]} Kc7 {[%clk 0:00:31]} 44. Kd3
{[%clk 0:01:23]} a5 {[%clk 0:00:17]} 45. Kc3 {[%clk 0:01:24]} Na6
{[%clk 0:00:18]} 46. Kb3 {[%clk 0:01:22]} Nb4 {[%clk 0:00:18]} 47. Nxd6
{[%clk 0:01:19]} Nd3 {[%clk 0:00:17]} 48. Ka4 {[%clk 0:01:16]} Ne1
{[%clk 0:00:07]} 49. Kxa5 {[%clk 0:01:16]} Nxg2 {[%clk 0:00:08]} 50. Ka6
{[%clk 0:01:15]} Kb8 {[%clk 0:00:10]} 51. Nf7 {[%clk 0:01:12]} Nf4
{[%clk 0:00:06]} 52. Nxe5 {[%clk 0:01:12]} 1-0

[Event "Blitz 2018"]
[Site "Saint-Petersburg"]
[Date "2018.12.29"]
[Round "12"]
[Board "12"]
[White "Adly Ahmed (EGY)"]
[Black "Yakubboev Nodirbek (UZB)"]
[Result "1-0"]
[LiveChessVersion "1.4.8"]
[BlackElo "2388"]
[WhiteElo "2675"]

1. d4 {[%clk 0:03:03]} Nf6 {[%clk 0:03:02]} 2. Nf3 {[%clk 0:03:03]} d5
{[%clk 0:03:03]} 3. c4 {[%clk 0:03:03]} dxc4 {[%clk 0:03:04]} 4. e3
{[%clk 0:03:01]} e6 {[%clk 0:03:05]} 5. Bxc4 c5 6. O-O a6 7. Bb3 {[%clk 0:02:54]}
Nc6 {[%clk 0:03:05]} 8. Nc3 {[%clk 0:02:45]} Be7 {[%clk 0:02:41]} 9. Qe2
{[%clk 0:02:30]} cxd4 {[%clk 0:02:05]} 10. Rd1 {[%clk 0:02:25]} O-O
{[%clk 0:02:01]} 11. exd4 {[%clk 0:02:23]} Nb4 {[%clk 0:02:00]} 12. Ne5
{[%clk 0:02:20]} Nbd5 {[%clk 0:01:45]} 13. Qf3 {[%clk 0:02:21]} Qd6
{[%clk 0:01:08]} 14. Bg5 {[%clk 0:02:13]} Nxc3 {[%clk 0:00:47]} 15. bxc3
{[%clk 0:02:12]} Qc7 {[%clk 0:00:23]} 16. c4 {[%clk 0:02:00]} Bd7
{[%clk 0:00:19]} 17. Rac1 {[%clk 0:01:46]} Bc6 {[%clk 0:00:14]} 18. Qe2
{[%clk 0:01:36]} Ne8 {[%clk 0:00:11]} 19. Bxe7 {[%clk 0:01:27]} Qxe7
{[%clk 0:00:12]} 20. Nxc6 {[%clk 0:01:27]} bxc6 {[%clk 0:00:13]} 21. d5
{[%clk 0:01:25]} cxd5 {[%clk 0:00:12]} 22. cxd5 {[%clk 0:01:26]} e5
{[%clk 0:00:13]} 23. Re1 {[%clk 0:01:23]} Nd6 {[%clk 0:00:12]} 24. Qxe5
{[%clk 0:01:23]} Qxe5 25. Rxe5 Rfe8 {[%clk 0:00:14]} 26. f4 {[%clk 0:01:23]} f6
{[%clk 0:00:11]} 27. Re6 {[%clk 0:01:23]} Rxe6 {[%clk 0:00:11]} 28. dxe6
{[%clk 0:01:23]} Kf8 {[%clk 0:00:12]} 29. Rc7 {[%clk 0:01:22]} a5
{[%clk 0:00:06]} 30. e7+ {[%clk 0:01:19]} Ke8 {[%clk 0:00:06]} 31. Ba4+
{[%clk 0:01:20]} 1-0

[Event "Blitz 2018"]
[Site "Saint-Petersburg"]
[Date "2018.12.29"]
[Round "12"]
[Board "13"]
[White "Ghaem Maghami Ehsan (IRI)"]
[Black "Anand Viswanathan (IND)"]
[Result "1/2-1/2"]
[LiveChessVersion "1.4.8"]
[BlackElo "2832"]
[WhiteElo "2582"]

1. Nf3 {[%clk 0:03:03]} d5 {[%clk 0:03:03]} 2. d4 {[%clk 0:03:03]} Nf6
{[%clk 0:03:03]} 3. c4 {[%clk 0:03:04]} c6 {[%clk 0:03:04]} 4. cxd5
{[%clk 0:03:03]} cxd5 {[%clk 0:03:04]} 5. Nc3 {[%clk 0:03:03]} Nc6
{[%clk 0:03:05]} 6. Bf4 {[%clk 0:03:03]} a6 {[%clk 0:03:06]} 7. e3
{[%clk 0:03:04]} Bf5 {[%clk 0:03:06]} 8. Bd3 {[%clk 0:03:04]} Bxd3
{[%clk 0:03:06]} 9. Qxd3 {[%clk 0:03:04]} e6 {[%clk 0:03:08]} 10. O-O
{[%clk 0:03:05]} Be7 {[%clk 0:03:08]} 11. h3 {[%clk 0:03:03]} O-O
{[%clk 0:03:08]} 12. Rfc1 {[%clk 0:03:04]} Nd7 {[%clk 0:03:02]} 13. a3
{[%clk 0:03:03]} Rc8 {[%clk 0:02:56]} 14. Rc2 {[%clk 0:02:44]} Nb6
{[%clk 0:02:40]} 15. Rac1 {[%clk 0:02:44]} Qd7 {[%clk 0:02:38]} 16. Nd2
{[%clk 0:02:24]} Na5 {[%clk 0:02:33]} 17. Ncb1 {[%clk 0:02:03]} Nbc4
{[%clk 0:02:28]} 18. b4 {[%clk 0:01:27]} Nxd2 {[%clk 0:02:28]} 19. Nxd2
{[%clk 0:01:28]} Rxc2 {[%clk 0:02:24]} 20. Rxc2 {[%clk 0:01:18]} Nc6
{[%clk 0:02:25]} 21. Nb3 {[%clk 0:01:18]} Bxb4 {[%clk 0:02:23]} 22. Rxc6
{[%clk 0:01:04]} Qxc6 {[%clk 0:02:24]} 23. axb4 {[%clk 0:01:05]} Qc4
{[%clk 0:02:25]} 24. Nc5 {[%clk 0:01:00]} Qxb4 {[%clk 0:02:15]} 25. e4
{[%clk 0:00:42]} dxe4 {[%clk 0:01:58]} 26. Qxe4 {[%clk 0:00:40]} a5
{[%clk 0:01:37]} 27. Be5 {[%clk 0:00:26]} Re8 {[%clk 0:01:13]} 28. Nxb7
{[%clk 0:00:11]} Qd2 {[%clk 0:00:45]} 29. Qc6 {[%clk 0:00:07]} Rf8
{[%clk 0:00:39]} 30. Bd6 {[%clk 0:00:06]} Ra8 {[%clk 0:00:40]} 31. Nc5
{[%clk 0:00:06]} Rd8 {[%clk 0:00:37]} 32. Qc7 {[%clk 0:00:05]} Re8
{[%clk 0:00:34]} 33. Qc6 {[%clk 0:00:04]} Rd8 {[%clk 0:00:35]} 34. Qc7
{[%clk 0:00:05]} Re8 {[%clk 0:00:36]} 35. Qc6 {[%clk 0:00:06]} Rd8
{[%clk 0:00:37]} 36. Qc7 {[%clk 0:00:06]} 1/2-1/2

[Event "Blitz 2018"]
[Site "Saint-Petersburg"]
[Date "2018.12.29"]
[Round "12"]
[Board "14"]
[White "Golubov Saveliy (RUS)"]
[Black "Mamedov Rauf (AZE)"]
[Result "1-0"]
[LiveChessVersion "1.4.8"]
[BlackElo "2741"]
[WhiteElo "2574"]

1. d4 {[%clk 0:03:03]} d6 {[%clk 0:03:03]} 2. Nf3 {[%clk 0:03:04]} g6
{[%clk 0:03:04]} 3. b3 {[%clk 0:03:02]} Bg7 {[%clk 0:03:04]} 4. Bb2
{[%clk 0:03:04]} a5 {[%clk 0:02:59]} 5. e3 {[%clk 0:03:03]} Nf6 {[%clk 0:02:58]}
6. Bd3 {[%clk 0:03:03]} O-O {[%clk 0:02:58]} 7. O-O {[%clk 0:03:03]} a4
{[%clk 0:02:58]} 8. h3 {[%clk 0:03:02]} c5 {[%clk 0:02:57]} 9. dxc5
{[%clk 0:02:38]} dxc5 {[%clk 0:02:58]} 10. bxa4 {[%clk 0:02:31]} Rxa4
{[%clk 0:02:50]} 11. Nc3 {[%clk 0:02:14]} Ra8 {[%clk 0:02:45]} 12. Nb5
{[%clk 0:02:13]} Nc6 13. a3 Be6 {[%clk 0:02:35]} 14. Nd2 {[%clk 0:02:01]} Qb6
{[%clk 0:02:24]} 15. Rb1 {[%clk 0:02:02]} Qd8 {[%clk 0:01:53]} 16. Qe2
{[%clk 0:01:59]} Qb8 {[%clk 0:01:46]} 17. Bc4 {[%clk 0:01:51]} Bd7
{[%clk 0:01:45]} 18. Bxf6 {[%clk 0:01:39]} exf6 {[%clk 0:01:32]} 19. Ne4
{[%clk 0:01:35]} Qe5 {[%clk 0:01:32]} 20. Ned6 {[%clk 0:01:32]} Na5
{[%clk 0:01:25]} 21. Rfd1 {[%clk 0:01:16]} Bc6 {[%clk 0:01:26]} 22. f4
{[%clk 0:00:49]} Qe7 {[%clk 0:01:26]} 23. e4 {[%clk 0:00:50]} Nxc4
{[%clk 0:01:16]} 24. Qxc4 {[%clk 0:00:50]} b6 {[%clk 0:01:09]} 25. Rd3
{[%clk 0:00:38]} Qe6 {[%clk 0:00:48]} 26. Qxe6 {[%clk 0:00:30]} fxe6
{[%clk 0:00:49]} 27. Nc7 {[%clk 0:00:31]} Ra4 {[%clk 0:00:48]} 28. Nxe6
{[%clk 0:00:30]} Rb8 {[%clk 0:00:49]} 29. Nxc5 {[%clk 0:00:28]} Raa8
{[%clk 0:00:46]} 30. Ne6 {[%clk 0:00:27]} Bh6 {[%clk 0:00:47]} 31. g4
{[%clk 0:00:20]} Ra7 {[%clk 0:00:41]} 32. g5 {[%clk 0:00:18]} fxg5
{[%clk 0:00:42]} 33. fxg5 {[%clk 0:00:13]} Bf8 {[%clk 0:00:43]} 34. Nxf8
{[%clk 0:00:12]} Kxf8 {[%clk 0:00:45]} 35. e5 {[%clk 0:00:09]} Re7
{[%clk 0:00:44]} 36. Re3 {[%clk 0:00:08]} Kg7 {[%clk 0:00:34]} 37. Rf1
{[%clk 0:00:05]} Rd8 {[%clk 0:00:34]} 38. Rf6 {[%clk 0:00:05]} Bd5
{[%clk 0:00:34]} 39. c4 {[%clk 0:00:05]} Bg8 {[%clk 0:00:34]} 40. h4
{[%clk 0:00:05]} Ra8 {[%clk 0:00:28]} 41. Rf4 {[%clk 0:00:06]} Rd8
{[%clk 0:00:23]} 42. Kf2 {[%clk 0:00:07]} Ra8 {[%clk 0:00:22]} 43. h5
{[%clk 0:00:08]} Be6 {[%clk 0:00:15]} 44. h6+ {[%clk 0:00:09]} Kg8
{[%clk 0:00:17]} 45. Ne4 {[%clk 0:00:09]} Kh8 {[%clk 0:00:17]} 46. Nf6
{[%clk 0:00:08]} Rd8 {[%clk 0:00:18]} 47. Ke2 {[%clk 0:00:07]} Rc7
{[%clk 0:00:19]} 48. Nd5 {[%clk 0:00:05]} Ra7 {[%clk 0:00:19]} 49. Ref3
{[%clk 0:00:05]} Raa8 {[%clk 0:00:20]} 50. Kf2 {[%clk 0:00:04]} Bf5
{[%clk 0:00:18]} 51. Ne3 {[%clk 0:00:04]} Be6 {[%clk 0:00:19]} 52. Rf6
{[%clk 0:00:06]} Re8 {[%clk 0:00:20]} 53. Nd5 {[%clk 0:00:06]} Rac8
{[%clk 0:00:18]} 54. Nxb6 {[%clk 0:00:06]} Rb8 {[%clk 0:00:18]} 55. Nd5
{[%clk 0:00:08]} Bg8 {[%clk 0:00:19]} 56. Re3 {[%clk 0:00:06]} Rb2+
{[%clk 0:00:20]} 57. Kg3 {[%clk 0:00:07]} Rb1 {[%clk 0:00:20]} 58. e6
{[%clk 0:00:08]} Rg1+ {[%clk 0:00:21]} 59. Kh4 {[%clk 0:00:06]} Rh1+
{[%clk 0:00:22]} 60. Kg4 {[%clk 0:00:06]} Rc1 {[%clk 0:00:23]} 61. Re4
{[%clk 0:00:05]} Rg1+ {[%clk 0:00:24]} 62. Kf4 {[%clk 0:00:06]} Rf1+
{[%clk 0:00:21]} 63. Ke5 {[%clk 0:00:07]} Rg1 {[%clk 0:00:20]} 64. Kf4
{[%clk 0:00:08]} Rf1+ {[%clk 0:00:21]} 65. Ke3 {[%clk 0:00:06]} Re1+
{[%clk 0:00:22]} 66. Kd4 {[%clk 0:00:06]} Rd1+ {[%clk 0:00:23]} 67. Ke3
{[%clk 0:00:07]} Re1+ {[%clk 0:00:25]} 68. Kd3 {[%clk 0:00:08]} Rd1+
{[%clk 0:00:26]} 69. Ke2 {[%clk 0:00:07]} Rb1 {[%clk 0:00:22]} 70. e7
{[%clk 0:00:08]} Rbb8 {[%clk 0:00:24]} 71. Kf3 {[%clk 0:00:08]} Rb3+
{[%clk 0:00:24]} 72. Kf4 {[%clk 0:00:08]} Ra8 {[%clk 0:00:23]} 73. Rf8
{[%clk 0:00:06]} Rxf8+ {[%clk 0:00:24]} 74. exf8=B {[%clk 0:00:07]} Rf3+
{[%clk 0:00:25]} 75. Kxf3 {[%clk 0:00:07]} 1-0

[Event "Blitz 2018"]
[Site "Saint-Petersburg"]
[Date "2018.12.29"]
[Round "12"]
[Board "15"]
[White "Maghsoodloo Parham (IRI)"]
[Black "Zubov Alexander (UKR)"]
[Result "1-0"]
[LiveChessVersion "1.4.8"]
[BlackElo "2729"]
[WhiteElo "2642"]

1. Nf3 {[%clk 0:03:03]} d5 {[%clk 0:03:03]} 2. d4 {[%clk 0:03:04]} Nf6
{[%clk 0:03:02]} 3. Bf4 {[%clk 0:03:04]} c5 {[%clk 0:03:02]} 4. e3
{[%clk 0:03:06]} cxd4 {[%clk 0:03:03]} 5. exd4 {[%clk 0:03:07]} Nc6 6. c3 Bg4
{[%clk 0:03:03]} 7. Nbd2 {[%clk 0:03:09]} e6 {[%clk 0:02:58]} 8. Bd3
{[%clk 0:03:06]} Be7 {[%clk 0:02:57]} 9. O-O {[%clk 0:03:04]} Bh5
{[%clk 0:02:53]} 10. a4 {[%clk 0:03:04]} O-O {[%clk 0:02:52]} 11. Qb3
{[%clk 0:02:49]} Na5 {[%clk 0:02:49]} 12. Qc2 {[%clk 0:02:49]} Bg6
{[%clk 0:02:49]} 13. b4 {[%clk 0:02:47]} Bxd3 {[%clk 0:02:43]} 14. Qxd3
{[%clk 0:02:47]} Nc6 {[%clk 0:02:44]} 15. a5 {[%clk 0:02:48]} a6 {[%clk 0:02:42]}
16. Bg5 {[%clk 0:02:48]} Nd7 {[%clk 0:02:22]} 17. Bxe7 {[%clk 0:02:48]} Qxe7
{[%clk 0:02:23]} 18. Nb3 {[%clk 0:02:49]} Rad8 {[%clk 0:02:10]} 19. Rfe1
{[%clk 0:02:38]} Rfe8 {[%clk 0:02:08]} 20. Re3 {[%clk 0:02:26]} f6
{[%clk 0:01:56]} 21. Rae1 {[%clk 0:02:21]} Qd6 {[%clk 0:01:49]} 22. h4
{[%clk 0:01:51]} e5 {[%clk 0:01:29]} 23. dxe5 {[%clk 0:01:30]} fxe5
{[%clk 0:01:30]} 24. Ng5 {[%clk 0:01:29]} Nf6 {[%clk 0:01:30]} 25. Qf5
{[%clk 0:01:23]} h6 {[%clk 0:01:16]} 26. Nf3 {[%clk 0:01:12]} e4 {[%clk 0:01:14]}
27. Nfd4 {[%clk 0:01:13]} Nxd4 {[%clk 0:00:57]} 28. Nxd4 {[%clk 0:01:14]} Re5
{[%clk 0:00:43]} 29. Qg6 {[%clk 0:01:12]} Nh5 {[%clk 0:00:39]} 30. Qxd6
{[%clk 0:00:56]} Rxd6 {[%clk 0:00:40]} 31. f3 {[%clk 0:00:57]} Nf6
{[%clk 0:00:40]} 32. g4 {[%clk 0:00:33]} Rd7 {[%clk 0:00:40]} 33. Kf2
{[%clk 0:00:29]} Rc7 {[%clk 0:00:34]} 34. Nb3 {[%clk 0:00:28]} Re8
{[%clk 0:00:28]} 35. Nc5 {[%clk 0:00:28]} Rec8 {[%clk 0:00:16]} 36. g5
{[%clk 0:00:22]} hxg5 {[%clk 0:00:17]} 37. hxg5 {[%clk 0:00:24]} Nd7
{[%clk 0:00:17]} 38. Nxd7 {[%clk 0:00:15]} Rxd7 {[%clk 0:00:19]} 39. Rd1
{[%clk 0:00:08]} exf3 {[%clk 0:00:15]} 40. Rxf3 {[%clk 0:00:08]} Rc6
{[%clk 0:00:15]} 41. Rd4 {[%clk 0:00:09]} Rg6 {[%clk 0:00:15]} 42. Rf5
{[%clk 0:00:10]} Rc7 {[%clk 0:00:15]} 43. Rd3 {[%clk 0:00:08]} Rgc6
{[%clk 0:00:09]} 44. Rfxd5 {[%clk 0:00:08]} Kh7 {[%clk 0:00:09]} 45. Ke2
{[%clk 0:00:05]} Kg6 {[%clk 0:00:10]} 46. Kd2 {[%clk 0:00:07]} Rf7
{[%clk 0:00:11]} 47. Kc2 {[%clk 0:00:05]} Rf1 {[%clk 0:00:09]} 48. Rd7
{[%clk 0:00:06]} Rf5 {[%clk 0:00:05]} 49. Rxb7 {[%clk 0:00:06]} Rxg5
{[%clk 0:00:06]} 50. Kb3 {[%clk 0:00:04]} Kh5 {[%clk 0:00:06]} 51. c4
{[%clk 0:00:04]} Rgg6 {[%clk 0:00:07]} 52. c5 {[%clk 0:00:05]} Kh4
{[%clk 0:00:07]} 53. Rb6 {[%clk 0:00:06]} Kg4 {[%clk 0:00:06]} 54. Rxc6
{[%clk 0:00:06]} Rxc6 {[%clk 0:00:07]} 55. Rd6 {[%clk 0:00:07]} 1-0